00283cam a2200097ua 4500041001000000100002100010245009400031260004600125300000900171504000500180 aengh aSuri, Shalini . aNanotechnology: Basic science to emerging technology / cShalini Suri.hTextual Documents aNew Delhi : bA.P.H Publication , c2006. a ; . a